000 00539nam a22001937a 4500
003 KOHA_MİRAKIL
005 20250930150707.0
008 250930b tu ||||| |||| 00| 0 tur d
020 _a9786050204735
040 _aTR-AnABB
_btur
_cTR-AnABB
041 _atur
082 _a828.3354
_bSTR 2015
100 1 _aStrauss, Barry,
245 1 0 _aJül Sezar'ın ölümü /
_cBarry Strauss
260 _aİstanbul :
_bSay Yayınları,
_c2015
300 _a368 sayfa ;
_c21 cm
650 0 4 _aAmerikan edebiyatı, roman
942 _2ddc
_cBK
999 _c8983
_d8983
900 _bGizem YORULMAZ